[Event "COL-chT"]
[Site "Risaralda"]
[Date "2023.11.19"]
[Round "2.2"]
[White "Palomeque Parra, Pedro Antonio"]
[Black "Mena Ardila, Alexander"]
[Result "0-1"]
[WhiteElo "1623"]
[BlackElo "1932"]
[PlyCount "78"]
[EventDate "2023.11.19"]
[EventType "team-swiss"]
[EventRounds "7"]
[EventCountry "COL"]
[SourceTitle "CB49_2023"]
[SourceDate "2023.12.06"]
[SourceVersion "1"]
[SourceVersionDate "2023.12.06"]
[SourceQuality "1"]
[WhiteTeam "Choco"]
[BlackTeam "Arauca"]
[WhiteTeamCountry "COL"]
[BlackTeamCountry "COL"]

1. d4 Nf6 2. Nc3 d5 3. h3 e6 4. Nf3 Nbd7 5. e3 Bd6 6. Bd3 c6 7. Bd2 e5 8. dxe5 Nxe5 9. Nxe5 Bxe5 10. Qf3 Be6 11. Bf5 Qd7 12. Bxe6 fxe6 13. 0-0-0 Rf8 14. Qe2 0-0-0 15. f4 Bc7 16. g4 Qe7 17. g5 Nd7 18. h4 e5 19. fxe5 Nxe5 20. Nb1 Nc4 21. b3 Nxd2 22. Qxd2 d4 23. Qe2 Qxe3+ 24. Qxe3 dxe3 25. Rxd8+ Kxd8 26. Kd1 Ba5 27. Ke2 Rf2+ 28. Kxe3 Rxc2 29. a3 Rb2 30. b4 Bb6+ 31. Ke4 Ke7 32. h5 a5 33. bxa5 Bxa5 34. Kd3 Rg2 35. h6 g6 36. Rh3 Rxg5 37. Re3+ Kf6 38. Nc3 Bxc3 39. Kxc3 Rd5 0-1

[Event "Bogota El Tablazo op-A"]
[Site "Bogota"]
[Date "2022.06.26"]
[Round "7"]
[White "Mogollon Tobar, Nicolle Juliet"]
[Black "Mena Ardila, Alexander"]
[Result "1/2-1/2"]
[WhiteElo "1997"]
[BlackElo "1934"]
[PlyCount "93"]
[EventDate "2022.06.23"]
[EventType "swiss"]
[EventRounds "10"]
[EventCountry "COL"]
[SourceTitle "EXT 2023"]
[Source "ChessBase"]
[SourceDate "2022.10.05"]
[SourceVersion "1"]
[SourceVersionDate "2022.10.05"]
[SourceQuality "1"]

1. e4 e5 2. Nf3 Nf6 3. Nxe5 Nxe4 4. Qe2 Qe7 5. Qxe4 d6 6. d4 dxe5 7. dxe5 Nc6 8. Nc3 Qb4 9. a3 Qxe4+ 10. Nxe4 Nxe5 11. Bf4 f6 12. Bxe5 fxe5 13. 0-0-0 Bd7 14. Bc4 Be7 15. Rhe1 0-0-0 16. f3 h5 17. b4 b6 18. Rd5 Rhe8 19. Ba6+ Kb8 20. Rxd7 Rxd7 21. Bb5 Red8 22. Bxd7 Rxd7 23. Kb2 c6 24. c3 Kc7 25. Kc2 g6 26. Re2 Rd5 27. Nd2 Bf6 28. Nc4 Kd7 29. a4 Kc7 30. Re4 a6 31. Ne3 Rd7 32. Nc4 Rd5 33. Re2 b5 34. axb5 cxb5 35. Nd2 Kb6 36. Ne4 Be7 37. Re1 a5 38. bxa5+ Kxa5 39. Nd2 Bg5 40. Nb3+ Kb6 41. Re4 Be7 42. Nc1 Kc6 43. Nd3 Kd6 44. Nb4 Rc5 45. Nd3 Rd5 46. Nb4 Rc5 47. Re1 1/2-1/2

[Event "Bogota El Tablazo op-A"]
[Site "Bogota"]
[Date "2022.06.23"]
[Round "1"]
[White "Mena Ardila, Alexander"]
[Black "Sanchez Alvares, Kelvin Antonio"]
[Result "0-1"]
[WhiteElo "1934"]
[BlackElo "2199"]
[PlyCount "80"]
[EventDate "2022.06.23"]
[EventType "swiss"]
[EventRounds "10"]
[EventCountry "COL"]
[SourceTitle "EXT 2023"]
[Source "ChessBase"]
[SourceDate "2022.10.05"]
[SourceVersion "1"]
[SourceVersionDate "2022.10.05"]
[SourceQuality "1"]

1. d4 Nf6 2. c4 e6 3. Nc3 d5 4. g3 c6 5. Bg2 Nbd7 6. Nf3 dxc4 7. a4 Bb4 8. 0-0 a5 9. Bg5 0-0 10. Qc2 h6 11. Bxf6 Nxf6 12. Rad1 Nd7 13. e4 Qe7 14. e5 Nb6 15. Ne4 Bd7 16. Ra1 Rac8 17. Rfd1 Rc7 18. g4 f5 19. exf6 gxf6 20. Nc5 Be8 21. Qc1 Kh7 22. Qe3 Nd5 23. Qe2 Rg8 24. h3 c3 25. b3 f5 26. Nxe6 c2 27. Re1 Bxe1 28. Rxe1 c1Q 29. Rxc1 Bf7 30. Re1 Bxe6 31. Qxe6 Qxe6 32. Rxe6 Nf4 33. Rf6 fxg4 34. Rxf4 gxf3 35. Rxf3 Rcg7 36. Rg3 Rxg3 37. fxg3 Rxg3 38. Kh2 Rxb3 39. d5 cxd5 40. Bxd5 Rb4 0-1

[Event "Santander UDI University op U27"]
[Site "Santander"]
[Date "2012.04.01"]
[Round "7"]
[White "Bejarano, Danny Andres"]
[Black "Mena Ardila, Alexander"]
[Result "1/2-1/2"]
[WhiteElo "1988"]
[BlackElo "1602"]
[PlyCount "62"]
[EventDate "2012.03.29"]
[EventType "swiss"]
[EventRounds "9"]
[EventCountry "COL"]
[SourceTitle "CBM 147 Extra"]
[Source "ChessBase"]
[SourceDate "2012.04.24"]
[SourceVersion "1"]
[SourceVersionDate "2012.04.24"]
[SourceQuality "1"]

1. e4 e6 2. d4 d5 3. Nc3 Bb4 4. e5 c5 5. a3 Bxc3+ 6. bxc3 Ne7 7. Nf3 Nbc6 8. Bd3 Nf5 9. g4 Nfe7 10. a4 Qc7 11. Ba3 b6 12. Qd2 a5 13. Bb5 Ba6 14. Bxa6 Rxa6 15. Rb1 h5 16. g5 Nf5 17. Rg1 Ra8 18. g6 fxg6 19. Rxg6 Qf7 20. Rg1 Nfxd4 21. cxd4 Qxf3 22. Rxb6 Nxd4 23. Bxc5 Qe4+ 24. Kf1 Nf5 25. Qe2 Qxe2+ 26. Kxe2 Rc8 27. Ra6 Kd7 28. Rxa5 Ra8 29. Rxa8 Rxa8 30. c3 Rxa4 31. Bb4 Kc6 1/2-1/2

[Event "Santander UDI University op U27"]
[Site "Santander"]
[Date "2012.04.01"]
[Round "6"]
[White "Mena Ardila, Alexander"]
[Black "Salazar, Monica Maria"]
[Result "1-0"]
[WhiteElo "1602"]
[BlackElo "1915"]
[PlyCount "109"]
[EventDate "2012.03.29"]
[EventType "swiss"]
[EventRounds "9"]
[EventCountry "COL"]
[SourceTitle "CBM 147 Extra"]
[Source "ChessBase"]
[SourceDate "2012.04.24"]
[SourceVersion "1"]
[SourceVersionDate "2012.04.24"]
[SourceQuality "1"]

1. e4 c5 2. Nc3 Nc6 3. g3 d6 4. Bg2 a6 5. Nge2 g6 6. d4 cxd4 7. Nxd4 Bg7 8. Be3 Nf6 9. Nxc6 bxc6 10. e5 Nd5 11. Nxd5 cxd5 12. Bxd5 Rb8 13. 0-0 Bxe5 14. Bh6 Rxb2 15. Re1 e6 16. Bc6+ Bd7 17. Qf3 Qf6 18. Bxd7+ Kxd7 19. Qe3 Rhb8 20. Rad1 Bc3 21. Bg5 Qg7 22. Qa7+ R8b7 23. Qxa6 R2b6 24. Qa4+ Kc7 25. Qe8 Bf6 26. Bh6 Qh8 27. Qxf7+ Kb8 28. Qxe6 Be5 29. Be3 Rb2 30. f4 Bc3 31. Qxd6+ Ka8 32. Bd4 Bxd4+ 33. Rxd4 Rxa2 34. Qd5 Rxc2 35. Rb4 Rcc7 36. Reb1 Qc8 37. Rxb7 Rxb7 38. Rxb7 Qxb7 39. Qxb7+ Kxb7 40. Kf2 Kc6 41. Kf3 Kd6 42. Kg4 Ke6 43. Kg5 Kf7 44. Kh6 Kg8 45. h4 Kh8 46. h5 gxh5 47. Kxh5 Kg7 48. Kg5 Kf7 49. Kf5 Ke7 50. g4 Kf7 51. g5 Kg7 52. Ke6 h5 53. gxh6+ Kxh6 54. f5 Kg7 55. Ke7 1-0